000
00341nam a22001457a 4500
008
230719b ||||| |||| 00| 0 eng d
020
_a
978014111289
041
_a
eng
080
_a
52
082
_a
52SEL
100
_a
18
101
_a
ASTM
245
_a
YHE ORIGIN AND EVOLUTION OF PLANETARY ATMOSPHERES
_c
SELLERS H.A
942
_2
udc
_c
BK
999
_c
60164
_d
60164